Las aventuras de pinocho : (Registro nro. 3747)

Detalles MARC
000 -LEADER
fixed length control field 00815nam a2200241Ia 4500
003 - CONTROL NUMBER IDENTIFIER
control field OSt
005 - DATE AND TIME OF LATEST TRANSACTION
control field 20250808124704.0
008 - FIXED-LENGTH DATA ELEMENTS--GENERAL INFORMATION
fixed length control field 191128t2012 ck a cr 000 j spa d
020 ## - INTERNATIONAL STANDARD BOOK NUMBER
International Standard Book Number 9789585731790
040 ## - CATALOGING SOURCE
Original cataloging agency CO-JMCR
Transcribing agency CO-JMCR
041 0# - LANGUAGE CODE
Language code of text/sound track or separate title spa
082 04 - DEWEY DECIMAL CLASSIFICATION NUMBER
Classification number C
Item number COLa
100 1# - MAIN ENTRY--PERSONAL NAME
Personal name Collodi, Carlo,
Dates associated with a name 1826-1890
Relator term autor
9 (RLIN) 2434
245 14 - TITLE STATEMENT
Title Las aventuras de pinocho :
Remainder of title historia de una marioneta /
Statement of responsibility, etc. Carlo Collodi ; traducción Fredy Ordóñez
250 ## - EDITION STATEMENT
Edition statement Primera edición
260 ## - PUBLICATION, DISTRIBUTION, ETC.
Place of publication, distribution, etc. Bogotá :
Name of publisher, distributor, etc. Alcaldía Mayor de Bogotá : Instituto Distrital de las Artes Idartes,
Date of publication, distribution, etc. ©2012
300 ## - PHYSICAL DESCRIPTION
Extent 213 páginas ;
Dimensions 17 cm.
490 0# - SERIES STATEMENT
Series statement Libro al viento inicial
521 ## - TARGET AUDIENCE NOTE
Target audience note Recomendado para niños de 13 años.
650 14 - SUBJECT ADDED ENTRY--TOPICAL TERM
Topical term or geographic name entry element Cuentos
9 (RLIN) 2435
700 ## - ADDED ENTRY--PERSONAL NAME
Personal name Ordóñez, Fredy,
Relator term traductor
9 (RLIN) 2436
942 ## - ADDED ENTRY ELEMENTS (KOHA)
Source of classification or shelving scheme Dewey Decimal Classification
Koha item type Books
Existencias
Withdrawn status Lost status Source of classification or shelving scheme Damaged status Not for loan Home library Current library Date acquired Source of acquisition Cost, normal purchase price Total Checkouts Full call number Barcode Date last seen Date last checked out Copy number Koha item type
    Dewey Decimal Classification     Biblioteca Pública José María del Castillo y Rada Biblioteca Pública José María del Castillo y Rada 11/28/2019 Donación 0.00 2 C COLa 201808050 02/20/2024 02/20/2024 Ej.1 Books